000 00633nam a2200193Ia 4500
003 GCL
008 140319s9999 xx 000 0 ara d
040 _aGCL /
_cGCL
082 0 4 _a511
_bا ر
100 1 _aاحمد شوقى عمار
245 1 0 _aرياضات الهندسة الكهربية /
_cاحمد شوقى عمار
260 _a[S.N] :
_bدار الراتب الجامعية ،
_c1985
300 _a198 ص
490 _aسلسلة الرياضيات الهندسية
_v0
650 0 4 _aالرياضيات
650 0 4 _aالهندسة الكهربية
650 0 4 _aالرياضة التطبيقية
942 _2ddc
_cBK
999 _c34940
_d34940